My native country: the land of the Nagas (Record no. 4347)

MARC details
000 -LEADER
fixed length control field 00581nam a2200193Ia 4500
020 ## - INTERNATIONAL STANDARD BOOK NUMBER
ISBN 81-87502-48-7
082 ## - DEWEY DECIMAL CLASSIFICATION NUMBER
Classification number 305.800954165 NUH-M
100 ## - MAIN ENTRY--AUTHOR NAME
Personal name Nuh, V.K.
245 #0 - TITLE STATEMENT
Title My native country: the land of the Nagas
260 ## - PUBLICATION, DISTRIBUTION, ETC. (IMPRINT)
Place of publication Guwahati
Name of publisher Spectrum Publications
Year of publication 2002
300 ## - PHYSICAL DESCRIPTION
Number of Pages xiv, 153
504 ## - BIBLIOGRAPHY, ETC. NOTE
Bibliography, etc includes bibliography and index
650 ## - SUBJECT ADDED ENTRY--TOPICAL TERM
Topical Term Nagaland
Form subdivision Politics and government
650 ## - SUBJECT ADDED ENTRY--TOPICAL TERM
Topical Term Nagaland
Form subdivision Social conditions
650 ## - SUBJECT ADDED ENTRY--TOPICAL TERM
Topical Term Naga (South Asian people)
Form subdivision Ethnic identity
Geographic subdivision Nagaland
650 ## - SUBJECT ADDED ENTRY--TOPICAL TERM
Topical Term Nagaland
Form subdivision History
650 ## - SUBJECT ADDED ENTRY--TOPICAL TERM
Topical Term Geography
Geographic subdivision Nagaland
942 ## - ADDED ENTRY ELEMENTS (KOHA)
Koha item type Books
Holdings
Withdrawn status Lost status Damaged status Not for loan Home library Current library Date acquired Source of acquisition Bill Date Full call number Accession Number Price effective from Koha item type
        NASSDOC Library NASSDOC Library 14/09/2005 Gifted by : North-East Gender and Minori 2005-09-14 305.800954165 NUH-M 40965 18/04/2019 Books